| 000 -LEADER |
| fixed length control field |
01145nam a22002537a 4500 |
| 003 - CONTROL NUMBER IDENTIFIER |
| control field |
OSt |
| 005 - DATE AND TIME OF LATEST TRANSACTION |
| control field |
20250225092003.0 |
| 008 - FIXED-LENGTH DATA ELEMENTS--GENERAL INFORMATION |
| fixed length control field |
250225b ||||| |||| 00| 0 eng d |
| 020 ## - INTERNATIONAL STANDARD BOOK NUMBER |
| International Standard Book Number |
9781408815830 |
| 040 ## - CATALOGING SOURCE |
| Transcribing agency |
KH8 |
| 082 ## - DEWEY DECIMAL CLASSIFICATION NUMBER |
| Classification number |
FIC CHA |
| 100 ## - MAIN ENTRY--PERSONAL NAME |
| Personal name |
Chase, Max, |
| Relator term |
author. |
| 245 ## - TITLE STATEMENT |
| Title |
Star Fighter: |
| Remainder of title |
Space Wars / |
| Statement of responsibility, etc. |
Max Chase. |
| 260 ## - PUBLICATION, DISTRIBUTION, ETC. |
| Place of publication, distribution, etc. |
London ; |
| Name of publisher, distributor, etc. |
Bloomsbury Publishing , |
| Date of publication, distribution, etc. |
2012. |
| 300 ## - PHYSICAL DESCRIPTION |
| Extent |
116 pages : |
| Other physical details |
illustrations ; |
| Dimensions |
20 cm. |
| 490 ## - SERIES STATEMENT |
| Series statement |
Star Fighter |
| Volume/sequential designation |
book 6 |
| 520 ## - SUMMARY, ETC. |
| Summary, etc. |
Having escaped Xion, the crew of the Phoenix needs to find a way back home, but before they can locate the Milky Way they see a monstrous object looming through space towards them. It's the legendary Extractor - destroyer of planets - and it's on its way to destroy Xion. Faced with a dilemma: return home, or help save the aliens who just tried to kill them, Peri decides to use his half-human half-robot skills to try and save the Xion. Only then can they go home. |
| 650 ## - SUBJECT ADDED ENTRY--TOPICAL TERM |
| Topical term or geographic name entry element |
Fiction |
| Form subdivision |
fighter |
| 650 ## - SUBJECT ADDED ENTRY--TOPICAL TERM |
| Topical term or geographic name entry element |
Fiction |
| Form subdivision |
adventure |
| 650 ## - SUBJECT ADDED ENTRY--TOPICAL TERM |
| Topical term or geographic name entry element |
Fiction |
| Form subdivision |
fantasy |
| 650 ## - SUBJECT ADDED ENTRY--TOPICAL TERM |
| Topical term or geographic name entry element |
Fiction |
| Form subdivision |
fantasy adventure |
| 830 ## - SERIES ADDED ENTRY--UNIFORM TITLE |
| Uniform title |
Star fighter |
| 942 ## - ADDED ENTRY ELEMENTS (KOHA) |
| Source of classification or shelving scheme |
|
| Koha item type |
Easy Reading |